| 000 | 00375nam a2200145Ia 4500 | ||
|---|---|---|---|
| 008 | 210210b1962 xxu||||| |||| 00| 0 eng d | ||
| 082 | _a082 GARQ | ||
| 100 | _aGARDNER (Gerald C). | ||
| 245 | _aQuotable Mr. Kennedy. | ||
| 260 |
_aLondon. _bAbelard Schuman., _c1962 |
||
| 300 | _a65 | ||
| 650 | _aQuotations John Kennedy | ||
| 690 | _aGeneral Collections | ||
| 906 | _a027378 | ||
| 999 |
_c78667 _d78667 |
||